000
00300nam a22001337a 4500
008
170315b xxu||||| |||| 00| 0 eng d
020
_a
0121792528
041
_a
eng
080
_2
3RD
_a
591
100
_a
7
101
_a
SHM
245
_a
REPRODUCTION IN DOMESTIC ANIMALS
_c
COLE, H.H
942
_2
udc
_c
BK
999
_c
7796
_d
7796